Les consoles par année de sortie - Statistiques

Statistiques générales
  • Ce quiz a été pris 30 fois
  • Le résultat moyen est 13 sur 77
Statistiques - réponses
Hint Réponse % Correct
Atari 2600 1977
58%
Wii 2006
54%
Playstation 4 2013
50%
Nintendo Switch 2017
50%
Xbox 2001
42%
Playstation 3 2006
42%
Nintendo Switch Lite 2019
42%
Playstation 5 2020
38%
NES / Famicom 1983
33%
Gameboy 1989
33%
Playstation Vita 2011
33%
Master System 1985
29%
Nintendo 64 1996
29%
Nintendo Gamecube 2001
29%
Gameboy Advance SP 2003
29%
Nintendo 3DS 2011
29%
XBox Series S 2020
29%
Nintendo Switch Oled 2021
29%
SNES / Super Famicom 1990
25%
Sega Saturn 1994
25%
Playstation 2 2000
25%
Nintendo DSi 2008
25%
New Nintendo 3DS XL 2014
25%
XBox Series X 2020
25%
Mega Drive 1988
21%
Gameboy Color 1998
21%
Gameboy Advance 2001
21%
Nintendo DS 2004
21%
XBox 360 2005
21%
Nintendo DS Lite 2006
21%
Wii U 2012
21%
Xbox One 2013
21%
Game Gear 1990
17%
Neo Geo CD 1994
17%
Playstation 1994
17%
Dreamcast 1998
17%
Nintendo DSi XL 2010
17%
Intellivision 1979
13%
Mega Drive II 1993
13%
Playstation Portable 2005
13%
Google Stadia 2019
13%
Game & Watch 1980
8%
Atari 5100 1982
8%
Intellivision II 1983
8%
Atari Lynx 1989
8%
Atari Jaguar 1993
8%
Amiga CD32 1993
8%
Sega Nomad 1995
8%
Neo-Geo Pocket Color 1999
8%
Nintendo 3DS XL 2012
8%
Nintendo 2DS 2013
8%
New Nintendo 3DS 2014
8%
Atari Lynx II 1991
4%
Master System II 1992
4%
Neo Geo CDZ 1994
4%
Neo-Geo Pocket 1998
4%
Gameboy Advance Micro 2005
4%
Atari Flashback 3 2011
4%
Wii Mini 2012
4%
Atari Flashback 5 2014
4%
XBox One S 2016
4%
New Nintendo 2DS XL 2017
4%
Atari VCS 2020
4%
Colecovision 1982
0%
Intellivision III 1985
0%
GX-4000 1990
0%
Neo-Geo 1990
0%
Commodore 64GS 1990
0%
CD-i 1991
0%
Commodore CDTV 1991
0%
Pocket Station 1998
0%
Atari Flashback 2004
0%
Atari Flashback 2 2005
0%
Atari Flashback 4 2012
0%
Atari Flashback 6 2015
0%
Steam Machine 2015
0%
Steam Deck 2022
0%
Aucun quiz correspondant
Distribution des résultats
% des personnes avec chaque résultat
Percentile par nombre de réponses
Votre historique - résultats
Vous n’avez pas pris ce quiz